000 00976nam a2200253Ia 4500
003 OSt
005 20220918110810.0
006 a|||||r|||| 00| 0
007 ta
008 220915b |||||||| |||| 00| 0 hin d
020 _a9788174532978 (hbk)
_c18000
024 _a254737
037 _b522, 10/03/2010, Vani Prakashan
_cReference Collections
040 _aARTS
_cARTS
_bhin
041 _2hin
_ahin
082 _aO44(Y:351)k, 152Q0.1-.9 (RR)
100 _aसुरेश गौतम, संपा.
245 0 _aभारतीय लोक साहित्य कोश
246 _aBhāratīya lok sāhitya kosha
260 _aदिल्ली
_bसंजय प्रकाशन भारतु
_c2010
490 _vखण्ड 1
942 _hO44(Y:351)k, 152Q0.1-.9 (RR)
_cREF
999 _c114839
_d114839